000 00391nam a2200145 i 4500
001 bg
100 1 _aPIETRANIEC, Danuta
245 0 _aJęzyk rosyjski :
_bskrypt do nauczania na studiach /
_cDanuta Pietraniec, Teresa Wójcik.
260 _aCzęstochowa,
_c1982.
700 1 _aWÓJCIK, Teresa
040 _cBPK
041 _apol
942 _cKS
008 s pl f |000 0 pol
999 _c20941
_d20941
856 _uhttp://koha.tu.koszalin.pl/cgi-bin/koha/opac-detail.pl?biblionumber=20941
_yKatalog online BPK